00349nam a2200133 a 4500008004100000020001500041050001800056100002000074245004900094246001900143250001200162260003200174350000900206120416s0000 ||||||||||||||||| || u a0070549435 aQA 276.12 Smi aSmidt, Robert K10aStudy guide to accompany Sanders' statistics aa first course a5th ed. aNew YorkbMcGraw-Hillc1995 a0.00